idem, eadem, idem - Statistiken

Allgemein
  • Dieses Quiz wurde 10 mal gespielt
  • Das Durchschnittsergebnis liegt bei 13 aus 30
Antwortstatistiken
Hint Antwort % Korrekt
Nom. idem
100%
Nom. Sg. n idem
100%
Nom. Sg. f eadem
86%
Abl. Sg. f eadem
57%
Nom. Pl. n eadem
57%
Nom. Pl. m idem
57%
Akk. Sg. n idem
57%
Akk. Pl. n eadem
43%
Nom. Pl. f eaedem
43%
Akk. Pl. f easdem
43%
Dat. eidem
43%
Dat. Sg. f eidem
43%
Dat. Sg. n eidem
43%
Gen. eiusdem
43%
Gen. Sg. f eiusdem
43%
Gen. Sg. n eiusdem
43%
Abl. eodem
43%
Abl. Sg. n eodem
43%
Akk. Pl. m eosdem
43%
Akk. Sg. f eandem
29%
Gen. Pl. f earundem
29%
Dat. Pl. m eisdem
29%
Abl. Pl. m eisdem
29%
Dat. Pl. f eisdem
29%
Abl. Pl. f eisdem
29%
Dat. Pl. n eisdem
29%
Abl. Pl. n eisdem
29%
Gen. Pl. m eorundem
29%
Gen. Pl. n eorundem
29%
Akk. eundem
29%
Keine übereinstimmenden Quizze gefunden
Verteilung der Resultate
Anzahl Personen mit jedem Resultat
Perzentil nach korrekt beantworteten Fragen
Ihre Resultats-Entwicklung
Sie haben dieses Quiz noch nicht gespielt